| 000 -LEADER |
| fixed length control field |
00578cam a22001577a 4500 |
| 008 - FIXED-LENGTH DATA ELEMENTS--GENERAL INFORMATION |
| fixed length control field |
180718b2005 xxu||||| |||| 00| 0 eng d |
| 100 ## - MAIN ENTRY--PERSONAL NAME |
| Personal name |
Hildebrandt, Nicole |
| 245 ## - TITLE STATEMENT |
| Title |
The effects of migration on child health in Mexico |
| Statement of responsibility, etc. |
by Nicole Hildebrandt and David J. McKenzie |
| 260 ## - PUBLICATION, DISTRIBUTION, ETC. |
| Place of publication, distribution, etc. |
Washington, D.C. |
| Name of publisher, distributor, etc. |
World Bank |
| Date of publication, distribution, etc. |
2005 |
| 300 ## - PHYSICAL DESCRIPTION |
| Extent |
35p. |
| 440 ## - SERIES STATEMENT/ADDED ENTRY--TITLE |
| Title |
Policy research working paper; no. 3573 |
| 650 ## - SUBJECT ADDED ENTRY--TOPICAL TERM |
| Topical term or geographic name entry element |
United States --Emigration and immigration |
| 650 ## - SUBJECT ADDED ENTRY--TOPICAL TERM |
| Topical term or geographic name entry element |
Mexico --Emigration and immigration |
| 650 ## - SUBJECT ADDED ENTRY--TOPICAL TERM |
| Topical term or geographic name entry element |
Child health services --Mexico |
| 700 ## - ADDED ENTRY--PERSONAL NAME |
| Personal name |
McKenzie, David J. |